000 00619nam a22001817a 4500
003 UA-OsUOA
001 8722
007 ta
008 20040926b un ||||| |||| 00| 0 ukr d
100 _aБасараба В.
942 _cSA
040 _aUA-OsUOA
_cUA-OsUOA
_dUA-OsUOA
245 _aСвято Дермані
_b[У с. Дермань Здолбунів. р-ну пройшло літ.- мистец. свято "Дерманський світильник"]
300 _aС.13
955 _a0
773 0 _w0
_tВільне слово
_dРівне
_d2004
_g№70/17 верес./
650 7 _aДермань
_2UDC
999 _c294883
_d294883